000 00620nam a2200241Ia 4500
001 34455
005 20240114001730.0
007 ta
008 070221s1953 g b000 u asm u
040 _aCotton College,Assam
041 _aasm
082 _a922
_bV 659 S
100 _aSharma, Mahadev .
245 0 _aSwami Vivekananda /
_cMahadev Sharma.
_hTextual Documents
250 _a1st ed. /
260 _aTezpur :
_bBhabi Ram Kalita ,
_c1953.
300 _a343p. ;
_c19cm.
653 _aBiography-Vivekananda
653 _aG-Biography
942 _2ddc
_cBK
999 _c34437
_d34437